Taxmanns direct taxes: (Record no. 204889)

MARC details
000 -LEADER
fixed length control field 00793nam a2200241Ia 4500
003 - CONTROL NUMBER IDENTIFIER
control field OSt
005 - DATE AND TIME OF LATEST TRANSACTION
control field 20260305145516.0
008 - FIXED-LENGTH DATA ELEMENTS--GENERAL INFORMATION
fixed length control field 210716s1981 xx 000 0 und d
020 ## - INTERNATIONAL STANDARD BOOK NUMBER
International Standard Book Number 9788171946594
040 ## - CATALOGING SOURCE
Transcribing agency AIMT LIBRARY
041 ## - LANGUAGE CODE
Language code of text/sound track or separate title eng
082 ## - DEWEY DECIMAL CLASSIFICATION NUMBER
Classification number 336.294
Item number SINV
100 ## - MAIN ENTRY--PERSONAL NAME
Personal name Singhania, Vinod K.
9 (RLIN) 257837
245 ## - TITLE STATEMENT
Title Taxmanns direct taxes:
Remainder of title law and practice /
Statement of responsibility, etc. By Vinod K. Singhania and Kapil Singhania.
250 ## - EDITION STATEMENT
Edition statement 1st ed.
260 ## - PUBLICATION, DISTRIBUTION, ETC.
Place of publication, distribution, etc. New Delhi :
Name of publisher, distributor, etc. Taxmann Publications Pvt Ltd ,
Date of publication, distribution, etc. 1981.
300 ## - PHYSICAL DESCRIPTION
Extent I-27,555,7.16-2
Other physical details PB
Dimensions 24 cm.
440 ## - SERIES STATEMENT/ADDED ENTRY--TITLE
Title Assessment year 2010-11
9 (RLIN) 257838
650 ## - SUBJECT ADDED ENTRY--TOPICAL TERM
Topical term or geographic name entry element Residential status and tax incidence
9 (RLIN) 257839
650 ## - SUBJECT ADDED ENTRY--TOPICAL TERM
Topical term or geographic name entry element Profits and gains of business
9 (RLIN) 257840
700 ## - ADDED ENTRY--PERSONAL NAME
Personal name Singhania, Kapil.
9 (RLIN) 257841
942 ## - ADDED ENTRY ELEMENTS (KOHA)
Source of classification or shelving scheme Dewey Decimal Classification
Koha item type Book
Call number prefix 336.294 SINV
Holdings
Withdrawn status Lost status Source of classification or shelving scheme Damaged status Not for loan Collection code Home library Current library Shelving location Date acquired Cost, normal purchase price Inventory number Total Checkouts Full call number Barcode Date last seen Cost, replacement price Price effective from Koha item type
    Dewey Decimal Classification     MBA St Aloysius Institute of Management & Information Technology St Aloysius Institute of Management & Information Technology Tax 02/11/2010 595.00 Bill no:917; Bill dt:2010-02-03   336.294 SINV MBA07455 05/23/2026 476.00 07/16/2021 Book